[Event "AUTO-INT-58"]
[Site "http://www.queenalice.com/game.php?id=40638"]
[Date "2005.11.29"]
[Round "1"]
[White "philb"]
[Black "tiago1311"]
[Result "0-1"]
[WhiteElo "1143"]
[BlackElo "1631"]

1. Nf3 d5 2. Nc3 Nf6 3. d3 Bg4 4. h3 Bxf3 5. gxf3 e5 6. e4 Bb4 7. a3 Bxc3+ 8.
bxc3 dxe4 9. fxe4 Nc6 10. a4 O-O 11. h4 Qd7 12. h5 g6 13. d4 exd4 14. cxd4 Nxd4
15. hxg6 Nf3+ 16. Qxf3 fxg6 17. Bc4+ Kg7 18. Bh6+ Kh8 19. e5 Rae8 20. e6 Rxe6+
21. Bxe6 Qxe6+ 22. Kf1 Rf7 23. Qxb7 Qc4+ 24. Kg1 Qg4+ 25. Qg2 Qd4 26. Qxg6 Qxa1+
27. Kg2 Qa2 28. Bg5 Qd5+ 29. f3 Ng8 30. Rxh7+ Rxh7 31. Bf6+ Nxf6 32. Qxf6+ Rg7+
33. Kf2 Qd2+ 34. Kf1 Qc1+ 35. Ke2 Qxc2+ 36. Ke3 Qxa4 37. f4 c5 38. f5 Qd4+ 39.
Qxd4 cxd4+ 40. Kxd4 a5 41. Kc3 Ra7 42. Kb3 Kg7 43. Ka4 Kf6 44. Kb5 a4 0-1

[Event "AUTO-INT-58"]
[Site "http://www.queenalice.com/game.php?id=40639"]
[Date "2005.11.29"]
[Round "1"]
[White "tiago1311"]
[Black "philb"]
[Result "0-1"]
[WhiteElo "1587"]
[BlackElo "1125"]

1. d4 d5 2. c4 c6 3. Nc3 Nf6 4. Bg5 h6 5. Bxf6 gxf6 6. e3 a5 7. a3 a4 8. Nxa4 c5
9. Nxc5 dxc4 10. Bxc4 Qb6 11. Qh5 Qxb2 12. Qxf7+ Kd8 13. Ne6+ Kd7 14. Rd1 Qxa3
15. Bb5+ Nc6 16. Nxf8+ Kd6 17. Nf3 Nd8 18. O-O Nxf7 19. Ng6 Bf5 20. Nf4 Qb3 0-1

[Event "AUTO-INT-58"]
[Site "http://www.queenalice.com/game.php?id=40654"]
[Date "2005.11.29"]
[Round "1"]
[White "CesarAugusto"]
[Black "tiago1311"]
[Result "1-0"]
[WhiteElo "1364"]
[BlackElo "1631"]

1. Nh3 e5 2. d3 d5 3. Ng5 Bc5 4. e4 h6 5. Nh3 Bxh3 6. gxh3 Qf6 7. d4 Bxd4 8. Be3
Bxe3 9. fxe3 dxe4 10. Na3 Nc6 11. Bb5 Ne7 12. Qd2 Qh4+ 13. Qf2 Qxf2+ 14. Kxf2
O-O 15. Rhg1 a6 16. Bc4 b5 17. Be2 g5 18. Rg4 f5 19. Rgg1 Rad8 20. h4 g4 21. h3
Rd2 22. Nb1 Rxc2 23. hxg4 Kh7 24. a4 Rxb2 25. g5 hxg5 26. Rxg5 Kh6 27. Nc3 b4
28. Rag1 Rxe2+ 29. Nxe2 Ng6 30. Rxg6+ 1-0

[Event "AUTO-INT-58"]
[Site "http://www.queenalice.com/game.php?id=40655"]
[Date "2005.11.29"]
[Round "1"]
[White "tiago1311"]
[Black "CesarAugusto"]
[Result "1-0"]
[WhiteElo "1612"]
[BlackElo "1363"]

1. d4 e6 2. e4 Nh6 3. Bxh6 gxh6 4. Nc3 c6 5. a3 Qc7 6. Nf3 d5 7. exd5 cxd5 8.
Bd3 e5 9. Nxe5 Rg8 10. O-O Qe7 11. Re1 Qg5 12. g3 Nc6 13. Nxc6+ Kd7 14. Ne5+ Kd8
15. Bxh7 Rh8 16. Nxf7+ Kc7 17. Nxg5 hxg5 18. Nxd5+ Kd6 19. c4 Rxh7 20. Re5 g4
21. Qd3 Rf7 22. Qg6+ Kd7 23. Qxf7+ Kd6 24. Qc7# 1-0

[Event "AUTO-INT-58"]
[Site "http://www.queenalice.com/game.php?id=40664"]
[Date "2005.11.29"]
[Round "1"]
[White "Jomaley"]
[Black "tiago1311"]
[Result "0-1"]
[WhiteElo "1274"]
[BlackElo "1601"]

1. d4 d5 2. c3 Nc6 3. b4 a6 4. g3 Bf5 5. Na3 b5 6. f3 h6 7. f4 Nf6 8. Nf3 Qd6 9.
e3 Bg4 10. Be2 Ne4 11. Bb2 Nxb4 12. O-O Nc6 13. Bd3 g6 14. Qc1 Bxf3 15. Rxf3 b4
16. Nc2 bxc3 17. Ba3 Qd7 18. Rb1 Qg4 19. Kg2 Nd2 20. Rb7 Qxf3+ 21. Kh3 Rc8 22.
Bxa6 h5 23. Rb5 Rd8 24. Rc5 Nb8 25. Bb5+ c6 26. Bxc6+ Nxc6 27. Rxc6 Ne4 28. Qe1
h4 29. Qg1 Nf2+ 30. Qxf2 Qxf2 31. Bxe7 Bxe7 32. Rxc3 Qf1+ 33. Kg4 f5# 0-1

[Event "AUTO-INT-58"]
[Site "http://www.queenalice.com/game.php?id=40665"]
[Date "2005.11.29"]
[Round "1"]
[White "tiago1311"]
[Black "Jomaley"]
[Result "1-0"]
[WhiteElo "1587"]
[BlackElo "1274"]

1. d4 d5 2. c4 c6 3. Nc3 Qa5 4. Nf3 dxc4 5. e4 Bg4 6. Bxc4 e6 7. a3 Qh5 8. Be3
Nf6 9. Qe2 Nbd7 10. b4 a5 11. b5 Bd6 12. e5 Bxe5 13. bxc6 bxc6 14. dxe5 Nd5 15.
Bxd5 cxd5 16. Bd4 O-O 17. h3 Bxf3 18. gxf3 Rab8 19. O-O-O Rb3 20. Nb5 f6 21.
exf6 gxf6 22. Qxe6+ Rf7 23. Nd6 Rxa3 24. Nxf7 Qxf7 25. Rhg1+ Kf8 26. Qd6+ Ke8
27. Rge1+ Kd8 28. Bb6+ Kc8 29. Qc7# 1-0

[Event "AUTO-OPEN-190"]
[Site "http://www.queenalice.com/game.php?id=42794"]
[Date "2005.12.10"]
[Round "1"]
[White "tiago1311"]
[Black "Renatov"]
[Result "0-1"]
[WhiteElo "1440"]
[BlackElo "1795"]

1. d4 Nf6 2. c4 e6 3. Nc3 Bb4 4. e3 d5 5. Bd2 O-O 6. Nf3 c5 7. Bd3 dxc4 8. Bxc4
a6 9. a3 cxd4 10. Nxd4 Be7 11. O-O Bd7 12. f3 Nc6 13. Nxc6 Bxc6 14. b4 Rc8 15.
Ba2 Qb6 16. Rb1 Rfd8 17. Kh1 Qc7 18. e4 Bd6 19. Re1 Bxh2 20. Bg5 Rxd1 21. Rbxd1
Be5 22. Rd3 Qb6 23. f4 Bxc3 24. Rxc3 Nxe4 0-1

[Event "AUTO-OPEN-190"]
[Site "http://www.queenalice.com/game.php?id=42795"]
[Date "2005.12.10"]
[Round "1"]
[White "Renatov"]
[Black "tiago1311"]
[Result "1-0"]
[WhiteElo "1844"]
[BlackElo "1403"]

1. e4 c5 2. Nf3 d6 3. d4 cxd4 4. Nxd4 Nf6 5. Nc3 e5 6. Ndb5 a6 7. Na3 Nc6 8. f3
Be6 9. Nd5 Be7 10. c3 O-O 11. Be3 b5 12. Be2 Bxd5 13. exd5 Na5 14. O-O e4 15. b3
Qc7 16. Rc1 Rac8 17. Qd4 exf3 18. Bxf3 Nb7 19. c4 Qa5 20. Qb2 bxc4 21. Nxc4 Qb5
22. Rfd1 Bd8 23. Kh1 Re8 24. Bf4 Rc5 25. Bxd6 Rxc4 26. Rxc4 Nxd6 27. Rcc1 1-0

[Event "AUTO-OPEN-190"]
[Site "http://www.queenalice.com/game.php?id=42796"]
[Date "2005.12.10"]
[Round "1"]
[White "tiago1311"]
[Black "bmax1968"]
[Result "0-1"]
[WhiteElo "1494"]
[BlackElo "1653"]

1. d4 d5 2. c4 Nf6 3. Nc3 dxc4 4. e4 e5 5. Be3 exd4 6. Bxd4 Nc6 7. Nf3 Be6 8. g3
Bb4 9. Qc2 Nxd4 10. Nxd4 Qxd4 11. Qa4+ c6 12. Qxb4 Nxe4 13. Rd1 Qxf2# 0-1

[Event "AUTO-OPEN-190"]
[Site "http://www.queenalice.com/game.php?id=42797"]
[Date "2005.12.10"]
[Round "1"]
[White "bmax1968"]
[Black "tiago1311"]
[Result "1-0"]
[WhiteElo "1607"]
[BlackElo "1573"]

1. e4 c5 2. d4 cxd4 3. Nf3 Nf6 4. Qxd4 Nc6 5. Qe3 e5 6. Bc4 b6 7. Ng5 Bc5 8. Qe2
d5 9. exd5 Nxd5 10. Qf3 f6 11. Bxd5 1-0

[Event "AUTO-OPEN-190"]
[Site "http://www.queenalice.com/game.php?id=42798"]
[Date "2005.12.10"]
[Round "1"]
[White "tiago1311"]
[Black "toguints"]
[Result "0-1"]
[WhiteElo "1377"]
[BlackElo "1279"]

1. d4 d6 2. e4 Nf6 3. Nc3 Nc6 4. Bb5 Bd7 5. Be3 a6 6. Bxc6 Bxc6 7. f3 e6 8. Qd2
d5 9. e5 Nd7 10. O-O-O Bb4 11. Nh3 Ba4 12. a3 Bxc3 13. Qxc3 Bc6 14. Bg5 f6 15.
exf6 gxf6 16. Bh4 Rg8 17. g4 Qe7 18. Bg3 e5 19. Rhe1 O-O-O 20. dxe5 fxe5 21.
Bxe5 Qc5 22. Qxc5 Nxc5 0-1

[Event "AUTO-OPEN-190"]
[Site "http://www.queenalice.com/game.php?id=42799"]
[Date "2005.12.10"]
[Round "1"]
[White "toguints"]
[Black "tiago1311"]
[Result "1-0"]
[WhiteElo "1320"]
[BlackElo "1356"]

1. c4 e5 2. Nf3 d6 3. Nc3 Bg4 4. e3 Nc6 5. Be2 Nf6 6. h3 Bxf3 7. Bxf3 Qd7 8. d4
O-O-O 9. dxe5 Nxe5 10. e4 c6 11. Bg5 Nxc4 12. Qd4 Nb6 13. Bxf6 gxf6 14. Bg4 Qxg4
15. hxg4 Bg7 16. g5 c5 17. Qe3 Nc4 18. Qh3+ Rd7 19. gxf6 Bxf6 20. Nd5 Bxb2 21.
Rd1 Re8 22. Qxh7 Kb8 23. Rb1 Bd4 24. Nf6 Bxf6 25. Rc1 b5 26. Qf5 1-0

[Event "AUTO-INT-62"]
[Site "http://www.queenalice.com/game.php?id=42847"]
[Date "2005.12.10"]
[Round "1"]
[White "mav40121"]
[Black "tiago1311"]
[Result "1-0"]
[WhiteElo "1557"]
[BlackElo "1477"]

1. e4 c5 2. Nf3 d6 3. Bb5+ Nd7 4. e5 a6 5. Bxd7+ Qxd7 6. exd6 exd6 7. O-O Nf6 8.
Re1+ Be7 9. d4 b6 10. dxc5 bxc5 11. Qe2 Nd5 12. c4 Nf4 13. Bxf4 O-O 14. Qxe7 1-0

[Event "AUTO-INT-62"]
[Site "http://www.queenalice.com/game.php?id=42848"]
[Date "2005.12.10"]
[Round "1"]
[White "tiago1311"]
[Black "mav40121"]
[Result "0-1"]
[WhiteElo "1403"]
[BlackElo "1818"]

1. d4 e5 2. dxe5 Nc6 3. Nf3 Qe7 4. Bg5 Qe6 5. Bf4 h6 6. h3 g5 7. Bh2 Bg7 8. Nc3
Nxe5 9. e4 Ne7 10. a3 c6 11. Bd3 Nxd3+ 12. Qxd3 d5 13. O-O O-O 14. Rfe1 Qd7 15.
Rad1 Bxc3 16. Qxc3 Rd8 17. Be5 Ng6 18. Bf6 Re8 19. b4 b5 20. Ne5 Nxe5 21. Bxe5
Kh7 22. exd5 cxd5 23. Qd3+ Kg8 24. Qd4 Kh7 25. Bg7 Rxe1+ 26. Rxe1 Bb7 27. Qf6
Rg8 0-1

[Event "AUTO-INT-62"]
[Site "http://www.queenalice.com/game.php?id=42863"]
[Date "2005.12.10"]
[Round "1"]
[White "tiago1311"]
[Black "voodoozebra"]
[Result "0-1"]
[WhiteElo "1543"]
[BlackElo "1313"]

1. d4 d5 2. c4 Nf6 3. Nc3 e6 4. Bg5 Be7 5. Bxf6 Bxf6 6. e3 c6 7. Nf3 Nd7 8. g3
Qa5 9. c5 b6 10. cxb6 Qxb6 11. b3 Ba6 12. Bg2 O-O 13. Qc2 h6 14. Ne2 Qb4+ 15.
Kd1 c5 16. dxc5 Bxa1 17. c6 Nc5 18. Ned4 Nd3 19. Nd2 Nxf2+ 0-1

[Event "AUTO-INT-62"]
[Site "http://www.queenalice.com/game.php?id=42865"]
[Date "2005.12.10"]
[Round "1"]
[White "tiago1311"]
[Black "philb"]
[Result "0-1"]
[WhiteElo "1438"]
[BlackElo "1175"]

1. d4 Nh6 2. Bxh6 gxh6 3. e4 e6 4. Nc3 Bb4 5. Qd2 b6 6. Nge2 a5 7. Qxh6 d5 8.
Qg7 Rf8 9. Qxh7 a4 10. O-O-O a3 11. b3 Kd7 12. g3 Nc6 13. exd5 exd5 14. Bh3+ Ke7
15. Bxc8 Qxc8 16. Nxd5+ Kd6 17. Nxb4 Nxb4 18. c4 Nxa2+ 19. Kb1 Nb4 20. Qh6+ Qe6
21. Qf4+ Qe5 22. Qxe5+ Kd7 23. Nf4 Ra5 24. Qe1 a2+ 0-1

[Event "AUTO-INT-62"]
[Site "http://www.queenalice.com/game.php?id=42866"]
[Date "2005.12.10"]
[Round "1"]
[White "philb"]
[Black "tiago1311"]
[Result "0-1"]
[WhiteElo "1204"]
[BlackElo "1456"]

1. Nf3 d5 2. h4 Bg4 3. Rg1 e6 4. b3 Bc5 5. d4 Bxf3 6. gxf3 Bb6 7. Rxg7 Qxh4 8.
Be3 Nc6 9. Qd3 Nxd4 10. c3 Nc2+ 11. Qxc2 Bxe3 12. Rg2 Nf6 13. c4 Rg8 14. Nc3
Rxg2 15. Bxg2 Qxf2+ 16. Kd1 Qg1+ 17. Bf1 Qxf1# 0-1